Malang tidak berbau

Bibliographic Details
Main Author: Ghazali Ngah Aziz
Format: Book
Published: Petaling Jaya : Eastview Publications , 1993
Series:Moral siri bacaan Eastview
Subjects:

MARC

LEADER 00000cam a2200000 7i4500
001 0000000469
002 000000551
005 20000330.0
020 |a 9676002712 
090 0 0 |a JF   |b GHA 
100 0 |a Ghazali Ngah Aziz 
245 1 0 |a Malang tidak berbau   |c Ghazali Ngah Azia 
260 |a Petaling Jaya :   |b Eastview Publications ,   |c 1993 
300 |a 28p :   |b ill ;   |c 20cm. 
490 0 |a Moral siri bacaan Eastview 
650 0 0 |a Children's stories 
999 |a 029397   |b BUKU   |c PINJAMAN   |e PERPUSTAKAAN KOMUNITI PETALING JAYA 
999 |a 029398   |b BUKU   |c PINJAMAN   |e PERPUSTAKAAN KOMUNITI PETALING JAYA